000 02198 a2200253 4500
003 OSt
005 20180116192328.0
008 120419t xxu||||| |||| 00| 0 eng d
020 _a0750685859 (paperback)
020 _a9780750685856 (paperback)
040 _c0
082 0 4 _a720
100 1 _aBizley, Graham.
_9872
245 1 0 _aArchitecture in detail /
_cGraham Bizley.
260 _aAmsterdam
_bArchitectural Press,
_c2007.
300 _a200 p. ;
_c28 cm.
500 _aIncludes index
520 _aThis book is a collection of detailed studies of recent construction projects that will help all architects learn and expand the possibilities of their own work. Projects have been selected for their use of innovative techniques, and these insights could help overcome problems, reduce a project's cost, speed up work on site or help with an idea that is hard to achieve. Each project within the book consists of striking detailed drawings, supplemented by color photographs and explanatory text. These details are an excellent way to see how others are using new materials and techniques that may be relevant to an architect's own work. It can seem daunting for a student, or even a qualified architect, to see high-quality, interesting buildings when the project or daily workload is a lot more humdrum. This book demystifies construction and spreads knowledge of good practice. The author is well known as he has a biweekly feature in Building Design, the UK's most read magazine by architects. The projects have been carefully selected from those published and have been adapted and expanded to create a really useful reference. * 3-dimensional detail drawings demystify innovative construction projects and help to spread knowledge * Detailed information of 40 innovative projects help architects overcome a multitude of problems they may be facing * Color photographs and drawings provide inspiration.
650 _aArchitecture
_xDetails
_9873
650 _aBuilding
_xDetails
_9874
856 4 0 _3Amazon.com
_uhttp://www.amazon.com/exec/obidos/ASIN/0750685859/chopaconline-20
942 _aSADA
_cBK
_k720 BIZ 2007
_2ddc
999 _c352268
_d352268